Intelligent high speed analog to digital converter using slow speed analog to digital cnverters and its interface with PCI/O channel / (Record no. 182673)

000 -LEADER
fixed length control field 00577 a2200169 4500
003 - CONTROL NUMBER IDENTIFIER
control field Nust
005 - DATE AND TIME OF LATEST TRANSACTION
control field 20251020123843.0
040 ## - CATALOGING SOURCE
Transcribing agency Nust
082 ## - DEWEY DECIMAL CLASSIFICATION NUMBER
Classification number 621.382,MAL
100 ## - MAIN ENTRY--PERSONAL NAME
Personal name Malik , Sarwar Amad Capt ( TE-34)
9 (RLIN) 131249
245 ## - TITLE STATEMENT
Title Intelligent high speed analog to digital converter using slow speed analog to digital cnverters and its interface with PCI/O channel /
Statement of responsibility, etc. Capt Amad Sarwar Malidk & Capt Muhammad Ali ,Capt Irfan Bashir
260 ## - PUBLICATION, DISTRIBUTION, ETC.
Place of publication, distribution, etc. Rawalpindi
Name of publisher, distributor, etc. MCS
Date of publication, distribution, etc. 2001
300 ## - PHYSICAL DESCRIPTION
Extent 76 :p,;
650 ## - SUBJECT ADDED ENTRY--TOPICAL TERM
Topical term or geographic name entry element UG Projects
9 (RLIN) 98716
651 ## - SUBJECT ADDED ENTRY--GEOGRAPHIC NAME
Geographic name TE-34
9 (RLIN) 131250
942 ## - ADDED ENTRY ELEMENTS (KOHA)
Koha item type Project Report
Source of classification or shelving scheme
Holdings
Withdrawn status Lost status Source of classification or shelving scheme Damaged status Not for loan Permanent Location Current Location Shelving location Date acquired Full call number Barcode Date last seen Price effective from Koha item type Public note
          Military College of Signals (MCS) Military College of Signals (MCS) Reference 12/12/2016 621.382,MAL MCSPTE-83 12/08/2016 12/12/2016 Project Report Almirah No.90, Shelf No.2
© 2023 Central Library, National University of Sciences and Technology. All Rights Reserved.